Welcome to the Holygrace Academy Library

Please use search bar below to get started

THE SECRETS OF DROON (Record no. 6126)

MARC details
000 -LEADER
fixed length control field 00682nam a22001457a 4500
020 ## - INTERNATIONAL STANDARD BOOK NUMBER
ISBN 0-439-66157-9
082 ## - DEWEY DECIMAL CLASSIFICATION NUMBER
Classification number 823
Item number ABB/F
100 ## - MAIN ENTRY--AUTHOR NAME
Personal name ABBOTT, TONY
245 ## - TITLE STATEMENT
Title THE SECRETS OF DROON
Remainder of title THE FORTRESS OF THE TREASURE QUEEN
260 ## - PUBLICATION, DISTRIBUTION, ETC. (IMPRINT)
Place of publication NEW YORK
Name of publisher SCHOLASTIC
Year of publication 2008
300 ## - PHYSICAL DESCRIPTION
Number of Pages 114
520 ## - SUMMARY, ETC.
Summary, etc Ko is back in power -- and nothing in Droon is safe! His beasts have found a lightning-powered submarine hidden in the secret Fortress of the Treasure Queen. Now Eric and his friends have to stop Ko before he destroys Jaffa City. But first they'll need help from their worst enemy -- Lord Sparr. If he can be trusted . . . .
650 ## - SUBJECT ADDED ENTRY--TOPICAL TERM
Topical Term ADVENTURE STORY
Geographic subdivision UNITED STATES
942 ## - ADDED ENTRY ELEMENTS (KOHA)
Koha item type Books
Holdings
Withdrawn status Lost status Collection code Home library Current library Shelving location Date acquired Source of acquisition Full call number Accession Number Koha item type
    Fiction Main Library Main Library SHELF 15 H-HARRY POTTER(CHARACTERISATION),WIMPY KID,DORK DIARIES 18/07/2019 purchase 823 ABB/F 11321 Books